Giáo trình công nghệ kỹ thuật hàn

Giáo trình tập trung vào những kiến thức cơ bản cần thiết về hàn hồ quang tay, hàn khí. Những yêu cầu đặc thù của nghề hàn trong ngành xây dựng như hàn dưới lớp thuốc, hàn trong môi trường bảo vệ, hàn đắp, hàn cốt thép......

Cijeli opis

Spremljeno u:
Bibliografski detalji
Autori kompanije: Bộ Xây dựng., Trường kỹ thuật cơ giới cơ khí xây dựng Việt Xô số 1
Format: Knjiga
Jezik:Undetermined
Izdano: Hà Nội Xây dựng 2009
Teme:
Oznake: Dodaj oznaku
Bez oznaka, Budi prvi tko označuje ovaj zapis!
Thư viện lưu trữ: Trung tâm Học liệu Trường Đại học Cần Thơ
LEADER 01127nam a2200217Ia 4500
001 CTU_148013
008 210402s9999 xx 000 0 und d
020 |c 38000 
082 |a 671.52 
082 |b Tr561 
110 |a Bộ Xây dựng. 
110 |b Trường kỹ thuật cơ giới cơ khí xây dựng Việt Xô số 1 
245 0 |a Giáo trình công nghệ kỹ thuật hàn 
245 0 |c Bộ Xây dựng. Trường kỹ thuật cơ giới cơ khí xây dựng Việt Xô số 1 
260 |a Hà Nội 
260 |b Xây dựng 
260 |c 2009 
520 |a Giáo trình tập trung vào những kiến thức cơ bản cần thiết về hàn hồ quang tay, hàn khí. Những yêu cầu đặc thù của nghề hàn trong ngành xây dựng như hàn dưới lớp thuốc, hàn trong môi trường bảo vệ, hàn đắp, hàn cốt thép... 
650 |a Metal-work,Welding,Kỹ thuật hàn 
904 |i QHiếu 
980 |a Trung tâm Học liệu Trường Đại học Cần Thơ